Sports Quiz

Random Sports or University Quiz
Score 0/20 Timer 07:00
4 Plays Today
Hint Answer % Correct
StateWisconsin
98%
Team ColorCardinal
96.3%
Team ColorWhite
95.5%
NicknameBadgers
94.2%
ConferenceBig 10
92.6%
CityMadison
89.3%
Famous Alum: QB Russell _______Wilson
87.5%
Famous Alum: DE J.J. _____Watt
87.4%
No. of Women's Varsity Sports12
84.2%
No. of Men's Varsity Sports11
83.2%
Hint Answer % Correct
Primary RivalMinnesota
82.4%
Primary RivalIowa
70.2%
Sport w/ most NCAA ChampionshipsMen's Ice Hockey (6)
68.9%
MascotBucky Badger
66.8%
Basketball ArenaKohl Center
66.6%
Football StadiumCamp Randall Stadium
59.1%
Fight SongOn, Wisconsin!
52.7%
Athletic DirectorBarry Alvarez
46.9%
Ice Hockey ArenaKohl Center/LaBahn Arena
46.3%
Famous Alum: SF ______ FinleyMichael
45%
Remove Ads.
Support Sporcle.
Get the best of Sporcle when you Go Orange. This ad-free experience offers more features, more stats, and more fun while also helping to support Sporcle. Thank you for becoming a member.

You're not logged in!

Compare scores with friends on all Sporcle quizzes.
OR
Log In

Show Comments

Extras

Top Quizzes Today


Score Distribution

Your Account Isn't Verified!

In order to create a playlist on Sporcle, you need to verify the email address you used during registration. Go to your Sporcle Settings to finish the process.

Report this User

Report this user for behavior that violates our Community Guidelines.

Details: